| 000 | 01178cam a22003134a 4500 | ||
|---|---|---|---|
| 001 | 14268099 | ||
| 003 | NUST-PNEC | ||
| 005 | 20170116180704.0 | ||
| 008 | 060216s2006 njua b 001 0 eng | ||
| 010 | _a 2006005568 | ||
| 020 |
_a0470010517 (cloth : alk. paper) _c9780470010518 |
||
| 040 |
_aDLC _cPNEC |
||
| 042 | _apcc | ||
| 050 | 0 | 0 |
_aTA355 _b.I523 2006 |
| 082 | 0 | 0 |
_a620.3 INM _222 |
| 100 | 1 | _aInman, D. J. | |
| 245 | 1 | 0 |
_aVibration with control / _cDaniel J. Inman. |
| 250 | _a1st ed. | ||
| 260 |
_aHoboken, NJ : _bWiley, _cc2006. |
||
| 300 |
_axii, 376 p. : _bill. ; _c25 cm. |
||
| 500 | _aIncludes Index http://www.amazon.com/Vibration-Control-Daniel-J-Inman/dp/0470010517/ref=sr_1_1?s=books&ie=UTF8&qid=1410866246&sr=1-1&keywords=0470010517 | ||
| 504 | _aIncludes bibliographical references and index. | ||
| 650 | 0 | _aDamping (Mechanics). | |
| 650 | 0 |
_aVibration. _xME |
|
| 856 | 4 | 1 |
_3Table of contents only _uhttp://www.loc.gov/catdir/toc/ecip069/2006005568.html |
| 906 |
_a7 _bcbc _corignew _d1 _eecip _f20 _gy-gencatlg |
||
| 942 |
_2ddc _cBK |
||
| 999 |
_c60654 _d60654 |
||